Štefan Vašek

Bibliographic Details
Main Author: Németh, Ondrej (Author)
Format: Book
Language:Slovak
Czech
Hungarian
Polish
PhysicalDescription:78 s. fotogr., ilustr. 25 cm
Published: Bratislava Iris 2016
ISBN:9788089726721
Edition:1. vyd.
Subjects:

MARC

LEADER 00000nam a2200000 a 4500
001 vtls011598944
003 SK-MaSNL
005 20260426012800.0
008 240318s2016 xo oa g bn 000 0bslo
015 |a SNBA2017/01 
015 |a SNBSAB2016 
020 |a 9788089726721  |q (brož.) 
035 |a BB037A7F-F921-4BC1-8A0F-3AB94631633A 
035 |a urn:nbn:sk:snk-amtir1 
035 |a urn:nbn:sk:snk-am00c39t 
040 |a SNK  |b slo  |c SNK  |e AACR2 
041 0 |a slo  |a cze  |a hun  |a pol 
043 |a e-xo--- 
044 |a xo  |c SK 
072 7 |a 37  |x Výchova a vzdelávanie  |2 konspekt 
072 7 |a 01  |x Bibliografia. Katalógy  |2 konspekt 
080 |a 376  |2 2011 
080 |a (437.6)  |2 2011 
080 |a 012  |2 2011 
080 |a 37.011.3-051  |2 2011 
100 1 |a Németh, Ondrej  |4 aut  |9 7908 
245 1 0 |a Štefan Vašek  |c Ondrej Németh 
250 |a 1. vyd. 
260 |a Bratislava  |b Iris  |c 2016 
300 |a 78 s.  |b fotogr., ilustr.  |c 25 cm 
366 |e 200 výtlačkov 
504 |a Bibliografia na strane 77-78 ; výber z publikačnej činnosti prof. PhDr. Štefana Vašeka, CSc., záznamy sú chronologicky usporiadané 
546 |a Čiastočný text v češtine, maďarčine a poľštine 
600 1 7 |a Vašek, Štefan,  |d 1936-  |2 SNKMA  |9 102064 
650 0 7 |a špeciálna pedagogika  |2 SNKPH  |9 958 
650 0 7 |a Special education  |2 SNKPHeng  |9 266101 
650 0 7 |a pedagógovia  |2 SNKPH  |9 18561 
650 0 7 |a Educationalists  |2 SNKPHeng  |9 281675 
651 7 |a Slovensko  |2 SNKPH  |9 14231 
651 7 |a Slovakia  |2 SNKPHeng  |9 92630 
655 7 |a personálne bibliografie  |2 SNKPH  |9 70198 
655 7 |a Personal bibliography  |2 SNKPHeng  |9 300650 
700 2 |a Vašek, Štefan,  |d 1936-  |4 hnr  |9 102064 
919 |a 978-80-8972672-1 
958 |a NB 
958 |a PB 
999 |c 1105713  |d 1107643 
952 |a SNK  |b SNK  |y PREZ  |7 0  |p 17A1219046  |o snkSC 172362  |i snk2016/28576  |8 0  |0 0  |1 0  |4 0  |d 2016-12-09  |f 1  |l 0  |r 2025-09-10 00:00:00  |w 2026-02-24 
952 |a SNK  |b SNK  |y VYP  |7 0  |p 17A1219047  |o snkSC 172362 D1  |i snk2016/28577  |8 0  |0 0  |1 0  |4 0  |d 2016-12-09  |l 0  |r 2026-02-24 17:44:33  |w 2026-02-24